Catálogo
 En Linea

Ciencias sociales 6 : (Registro nro. 47247)

Detalles MARC
000 -CABECERA
campo de control de longitud fija 01204nam a2200229 a 4500
001 - NÚMERO DE CONTROL
campo de control 000047759
005 - FECHA Y HORA DE LA ÚLTIMA TRANSACCIÓN
campo de control 20201002060724.0
008 - DATOS DE LONGITUD FIJA--INFORMACIÓN GENERAL
campo de control de longitud fija 180417s2018 dr abc 000 0 spa d
020 ## - NÚMERO INTERNACIONAL ESTÁNDAR DEL LIBRO
Número Internacional Estándar del Libro 9789945125573
040 ## - FUENTE DE LA CATALOGACIÓN
Centro catalogador/agencia de origen DO-SdBNP
Lengua de catalogación spa
Centro/agencia transcriptor BNPHU
082 ## - NÚMERO DE LA CLASIFICACIÓN DECIMAL DEWEY
Número de clasificación xxxx
Número de documento/Ítem xxxx
100 1# - ENTRADA PRINCIPAL--NOMBRE DE PERSONA
Nombre de persona Muñoz, Yocasta Milagros
9 (RLIN) 75359
245 10 - MENCIÓN DE TÍTULO
Título Ciencias sociales 6 :
Resto del título secundaria /
Mención de responsabilidad, etc. Yocasta Milagros Muñoz ; dirección Milagros del Pilar Rubio Muñoz ; ilustraciones Julio C. Martínez.
260 ## - PUBLICACIÓN, DISTRIBUCIÓN, ETC.
Lugar de publicación, distribución, etc. Santo Domingo :
Nombre del editor, distribuidor, etc. Susaeta,
Fecha de publicación, distribución, etc. 2018.
300 ## - DESCRIPCIÓN FÍSICA
Extensión 240 p. :
Otras características físicas il., mapas retrs. ;
Dimensiones 29 cm.
500 ## - NOTA GENERAL
Nota general Enfoque por competencias nuevo currículo
504 ## - NOTA DE BIBLIOGRAFÍA, ETC.
Nota de bibliografía, etc. Bibliografía : p. 240
505 0# - NOTA DE CONTENIDO CON FORMATO
Nota de contenido con formato Dictadura, democracia e intervención, camino hacia la Cuarta República --
Título Dictadura constitucional y la apertura democrática --
-- La población dominicana: características, crecimiento, migración y los sectores económicos --
-- La economía dominicana en el mundo actual --
-- La construcción de la identidad nacional y el penmiento dominicano --
-- Educación ciudadana.
590 ## - NOTA LOCAL (RLIN)
Nota local Inventariado, 2018/LP
700 1# - PUNTO DE ACCESO ADICIONAL--NOMBRE DE PERSONA
Nombre de persona Rubio Muñoz, Milagros del Pilar,
Término indicativo de función/relación dirección
9 (RLIN) 74969
700 1# - PUNTO DE ACCESO ADICIONAL--NOMBRE DE PERSONA
Nombre de persona Martínez, Julio C.,
Término indicativo de función/relación il.
9 (RLIN) 75360
Existencias
Estado de retiro Estado de pérdida Restricciones de uso No para préstamo Código de colección Localización permanente Ubicación/localización actual Ubicación en estantería Fecha de adquisición Número de inventario Total de préstamos Signatura topográfica completa Código de barras Fecha visto por última vez Número de copia Precio válido a partir de Tipo de ítem Koha
        Dominicana de Servicio General General Depósito 07.08.2018 LF1   xxxx xxxx 47759-30 25.06.2020 e. 3 25.06.2020 Libro y Folleto Colección Dominicana de Servicio
      Excluido de préstamo Patrimonio Dominicano Patrimonio Dominicano Patrimonio Dominicano Depósito 07.08.2018 LF1   xxxx xxxx 47759-10 25.06.2020   25.06.2020 Libro y Folleto Colección Patrimonio Dominicano
      Excluido de préstamo Patrimonio Dominicano Patrimonio Dominicano Patrimonio Dominicano Depósito 07.08.2018 LF1   xxxx xxxx 47759-20 25.06.2020 e. 2 25.06.2020 Libro y Folleto Colección Patrimonio Dominicano

Con tecnología Koha